<?xml version="1.0" encoding="UTF-8"?>
<record
    xmlns:xsi="http://www.w3.org/2001/XMLSchema-instance"
    xsi:schemaLocation="http://www.loc.gov/MARC21/slim http://www.loc.gov/standards/marcxml/schema/MARC21slim.xsd"
    xmlns="http://www.loc.gov/MARC21/slim">

  <leader>00905nam a22002057a 4500</leader>
  <controlfield tag="005">20170412133623.0</controlfield>
  <datafield tag="010" ind1=" " ind2=" ">
    <subfield code="a">B-670044</subfield>
  </datafield>
  <datafield tag="020" ind1=" " ind2=" ">
    <subfield code="a">9789383256846</subfield>
    <subfield code="c">170.00</subfield>
  </datafield>
  <datafield tag="035" ind1=" " ind2=" ">
    <subfield code="a">B-670044</subfield>
  </datafield>
  <datafield tag="037" ind1=" " ind2=" ">
    <subfield code="b">CL/RP/K.K.Publications</subfield>
  </datafield>
  <datafield tag="082" ind1=" " ind2=" ">
    <subfield code="a">000</subfield>
  </datafield>
  <datafield tag="100" ind1=" " ind2=" ">
    <subfield code="a">Tiwari, Vijay Pratap </subfield>
  </datafield>
  <datafield tag="245" ind1=" " ind2=" ">
    <subfield code="a">Haryana judicial service examination :</subfield>
    <subfield code="b">solved papers of preliminary examinations (answer with explanation) 2008,2010,2011,2013,2014 with unsolved (mains) papers up-to-date /</subfield>
    <subfield code="c">by Vijay Pratap Tiwari</subfield>
  </datafield>
  <datafield tag="250" ind1=" " ind2=" ">
    <subfield code="a">3rd ed</subfield>
  </datafield>
  <datafield tag="260" ind1=" " ind2=" ">
    <subfield code="a">Delhi</subfield>
    <subfield code="b">Singhal Law Publications</subfield>
    <subfield code="c">2016</subfield>
  </datafield>
  <datafield tag="270" ind1=" " ind2=" ">
    <subfield code="a">A-2/157, Bhagat Colony, Sant Nagar</subfield>
    <subfield code="b">Delhi</subfield>
    <subfield code="e">110084</subfield>
    <subfield code="k">9810486750</subfield>
  </datafield>
  <datafield tag="300" ind1=" " ind2=" ">
    <subfield code="a">197p.</subfield>
    <subfield code="c">22cm(pbk)</subfield>
  </datafield>
  <datafield tag="942" ind1=" " ind2=" ">
    <subfield code="2">ddc</subfield>
    <subfield code="c">EN</subfield>
    <subfield code="h">000</subfield>
    <subfield code="m">TIW</subfield>
  </datafield>
  <datafield tag="999" ind1=" " ind2=" ">
    <subfield code="c">138823</subfield>
    <subfield code="d">138823</subfield>
  </datafield>
  <datafield tag="952" ind1=" " ind2=" ">
    <subfield code="0">0</subfield>
    <subfield code="1">0</subfield>
    <subfield code="4">0</subfield>
    <subfield code="7">0</subfield>
    <subfield code="8">NFIC</subfield>
    <subfield code="a">L</subfield>
    <subfield code="b">L</subfield>
    <subfield code="d">2017-04-12</subfield>
    <subfield code="e">K.K. Publications/BL323/24.3.2017/RP6/9.3.2017/28.3.2017</subfield>
    <subfield code="g">170.00</subfield>
    <subfield code="l">2</subfield>
    <subfield code="m">2</subfield>
    <subfield code="o">000 TIW</subfield>
    <subfield code="p">B-670044</subfield>
    <subfield code="r">2020-05-13 00:00:00</subfield>
    <subfield code="s">2020-03-21</subfield>
    <subfield code="t">1</subfield>
    <subfield code="v">170.00</subfield>
    <subfield code="w">2017-04-12</subfield>
    <subfield code="y">EN</subfield>
  </datafield>
</record>
